| 000 | 00567nam a22001937a 4500 | ||
|---|---|---|---|
| 005 | 20250614114755.0 | ||
| 008 | 250603b |||||||| |||| 00| 0 eng d | ||
| 020 | _a978-93-94525-83-2 | ||
| 041 | _aEnglish | ||
| 082 |
_22nd ed. _aAD 610.6 BEE DB1377 |
||
| 100 |
_aBeena MR _9212340 |
||
| 110 |
_aHari Krishna GL _9212396 |
||
| 245 | _aTextbook of Nursing Management and Leadership for BSc Nursing Students | ||
| 250 | _a2nd ed. | ||
| 260 |
_aNew Delhi _bCBS Publishers & Distributors Pvt. Ltd. _c2025 |
||
| 300 | _a491p | ||
| 365 | _bRs. 995.00 | ||
| 942 | _cDB | ||
| 999 |
_c366899 _d366899 |
||